[Event "Brasschaat Open 2013"]
[Site "Brasschaat BEL"]
[Date "2013.08.22"]
[Round "6.15"]
[White "Kabos,T"]
[Black "Ramacker,Quinten"]
[Result "1-0"]
[WhiteElo "2294"]
[BlackElo "1841"]

1.e4 c5 2.c3 Nf6 3.e5 Nd5 4.Nf3 e6 5.d4 cxd4 6.cxd4 d6 7.Nc3 Nxc3 8.bxc3 Qc7
9.Bd2 Nd7 10.Ng5 dxe5 11.Qh5 Nf6 12.Bb5+ Kd8 13.Qxf7 a6 14.Be2 h6 15.Nxe6+ Bxe6
16.Qxe6 exd4 17.cxd4 Rc8 18.O-O Ba3 19.Bf3 b6 20.Rab1 Bd6 21.Rfc1 Re8 22.Rxc7 Rxe6
23.Rxg7 Rc2 24.Bxh6 Rb2 25.Rf1 Ne4 26.Be3 Nd2 27.Rc1 Nxf3+ 28.gxf3 Bxh2+
29.Kf1 Bd6 30.Bg5+ Be7 31.Rxe7  1-0

[Event "12th Lichtenberger Sommer"]
[Site "Berlin GER"]
[Date "2013.08.23"]
[Round "7.19"]
[White "Penner,M"]
[Black "Kohler,T"]
[Result "1/2-1/2"]
[WhiteElo "2026"]
[BlackElo "2263"]

1.e4 c5 2.c3 Nf6 3.e5 Nd5 4.d4 cxd4 5.Nf3 Nc6 6.cxd4 d6 7.Bc4 Nb6 8.Bb5 dxe5
9.Nxe5 Bd7 10.Nxd7 Qxd7 11.O-O Rd8 12.Qf3 e6 13.Nc3 Be7 14.Rd1 O-O 15.Bxc6 Qxc6
16.Qxc6 bxc6 17.Bf4 Bf6 18.Ne4 Be7 19.Rac1 Nd5 20.Bg3 f5 21.Nc5 f4 22.Nxe6 fxg3
23.hxg3 Rd6 24.Nxf8 Kxf8 25.Rc4  1/2-1/2

[Event "12th Lichtenberger Sommer"]
[Site "Berlin GER"]
[Date "2013.08.24"]
[Round "8.1"]
[White "Rabiega,R"]
[Black "Rehberg,R"]
[Result "1-0"]
[WhiteElo "2506"]
[BlackElo "2151"]

1.e4 c5 2.c3 Nf6 3.e5 Nd5 4.Nf3 e6 5.Bc4 b6 6.d4 Bb7 7.O-O cxd4 8.cxd4 Be7
9.Bxd5 Bxd5 10.Nc3 Bb7 11.d5 exd5 12.Nxd5 O-O 13.Bf4 Na6 14.Nxe7+ Qxe7 15.Nd4 Qb4
16.b3 Nc5 17.a3 Qc3 18.Nf5 Be4 19.Nd6 Bc2 20.Qg4 Qxb3 21.Rfe1 Qe6 22.Qg3 Nb3
23.Ra2 Bg6 24.h3 Nd4 25.Rd2 Nf5 26.Qg4 Nxd6 27.Rxd6 Qxg4 28.hxg4 h5 29.gxh5 Bxh5
30.f3 Bg6 31.g4 f6 32.Rxd7 fxe5 33.Bxe5 Rf7 34.Red1 Raf8 35.f4 Bc2 36.Rxf7 Rxf7
37.Rd4 b5 38.Kf2 a5 39.Ke3 Rb7 40.Rd8+ Kf7 41.f5 b4 42.axb4 axb4 43.Bd6 g6
44.Rf8+ Kg7 45.f6+ Kh6 46.f7 Kg5 47.Rc8 Rxf7 48.Rxc2 Kxg4 49.Rg2+ Kf5 50.Bxb4 g5
51.Bd2 g4 52.Ke2 Re7+ 53.Be3 Rb7 54.Rf2+ Ke5 55.Rf8 Rb2+ 56.Bd2 Rb3 57.Rg8 g3
58.Be3 Rb2+ 59.Kf3 g2 60.Bf2 Rb3+ 61.Kxg2 Ke4 62.Rg4+ Kf5 63.Rc4 Ke5 64.Be1 Kd5
65.Rh4 Ke5 66.Kf2 Rb2+ 67.Ke3 Rb3+ 68.Ke2 Kd5 69.Bd2 Ra3 70.Be3 Ra2+ 71.Kf3 Ra8
72.Rh5+ Kc4 73.Rc5+ Kd3 74.Rd5+ Kc4 75.Rd7 Re8 76.Ke2 Ra8 77.Rc7+ Kd5 78.Bd2 Kd6
79.Rc4 Kd5 80.Kd3 Rh8 81.Be3 Rh1 82.Rc5+ Kd6 83.Rf5 Rh4 84.Bf4+ Ke6 85.Ke4 Rh1
86.Ra5 Re1+ 87.Be3 Kd6 88.Ra6+ Kd7 89.Kd4 Rh1 90.Bf4 Rd1+ 91.Kc5 Rf1 92.Be5 Rc1+
93.Kd5 Rd1+ 94.Bd4 Rc1 95.Rd6+ Ke7 96.Rg6 Rf1 97.Ra6 Kf7 98.Ra7+ Kg6 99.Rg7+ Kh6
100.Rg2 Re1 101.Be5 Rb1 102.Ke6 Kh7 103.Rg4 Rb6+ 104.Kf5 Rb1 105.Rg7+ Kh6
106.Rf7 Rb5 107.Rf8 Rb7 108.Rh8+ Rh7 109.Ra8  1-0

[Event "22nd Feffernitz Open 2013"]
[Site "Feffernitz GER"]
[Date "2013.08.24"]
[Round "8.9"]
[White "Eulering,G"]
[Black "Hofer,C"]
[Result "1-0"]
[WhiteElo "2137"]
[BlackElo "1898"]

1.e4 c5 2.c3 Nf6 3.e5 Nd5 4.d4 cxd4 5.Qxd4 e6 6.Nf3 Nc6 7.Qe4 f5 8.Qe2 b5
9.g3 a5 10.Bg2 Ba6 11.O-O b4 12.c4 Bc5 13.b3 O-O 14.Bb2 Qc7 15.Qd2 Nde7 16.Nd4 Nxe5
17.Bxa8 Rxa8 18.Qe2 Bb7 19.Nd2 N7g6 20.Rad1 Qb6 21.N2f3 Nxf3+ 22.Nxf3 Qc6
23.Rd3 f4 24.Kg2 Rf8 25.Kh3 fxg3 26.fxg3 e5 27.Ng5 Nf4+ 28.gxf4 Qh6+ 29.Kg4 d6
30.f5 g6 31.Rh3 Qg7 32.f6 Bc8+ 33.Kg3 Rxf6 34.Rxh7 Qf8 35.Rxf6 Qxf6 36.Bc1 e4
37.Qd2 Be6 38.Bb2 Bf2+ 39.Kg2 Bh3+ 40.Rxh3  1-0

[Event "12th Lichtenberger Sommer"]
[Site "Berlin GER"]
[Date "2013.08.25"]
[Round "9.91"]
[White "Wierzbicki,Jirawat"]
[Black "Dittrich,Tom"]
[Result "1/2-1/2"]
[WhiteElo "1725"]
[BlackElo "1648"]

1.e4 c5 2.c3 Nf6 3.e5 Nd5 4.Nf3 e6 5.Bc4 Nb6 6.Bb3 Nc6 7.O-O d5 8.Qe2 Be7
9.d4 O-O 10.Be3 cxd4 11.cxd4 Bd7 12.Nc3 Na5 13.Bc2 Nac4 14.Bc1 Rc8 15.Qd3 g6
16.g3 Bb4 17.a3 Nxa3 18.Bd1 Nac4 19.h4 Qc7 20.Ne2 Bb5 21.Qb1 Na5 22.Bh6 Rfe8
23.Qa2 Bc4 24.b3 Bxe2 25.Bxe2 Qc2 26.Bb5 Qxa2 27.Rxa2 Nc6 28.Bxc6 Rxc6 29.Rxa7 Rb8
30.Rc1 Rxc1+ 31.Bxc1 Kf8 32.Bh6+ Ke8 33.Ng5 Bd2 34.Nxf7 Bxh6 35.Nxh6 Nc8
36.Ra2 Ne7 37.Ng4 Kd8 38.Kf1 Nc6 39.Rd2 Ra8 40.Ke2 Ra3 41.h5 gxh5 42.Nf6 Rxb3
43.Nxh5 Rb4 44.Ke3 Rb3+ 45.Rd3 Rb2 46.Nf6 Nb4 47.Rc3 Nc2+ 48.Kd3 Ne1+ 49.Ke3 Nc2+
50.Kd3 Ne1+ 51.Ke3 Nc2+ 52.Kd3 Ne1+ 53.Ke3  1/2-1/2

[Event "3rd Budapest Open"]
[Site "Budapest HUN"]
[Date "2013.08.25"]
[Round "9.17"]
[White "Foldi,M"]
[Black "Schatzer,A"]
[Result "1-0"]
[WhiteElo "1783"]
[BlackElo "1827"]

1.e4 c5 2.c3 Nf6 3.e5 Nd5 4.d4 cxd4 5.cxd4 Nc6 6.Nf3 d6 7.Nc3 Nxc3 8.bxc3 dxe5
9.d5 Nb8 10.Nxe5 g6 11.Qf3 f6 12.Bb5+ Nd7 13.Nxd7 Bxd7 14.Bxd7+ Qxd7 15.O-O Bg7
16.Ba3 O-O 17.Rab1 b6 18.Rfe1 Rfe8 19.Re6 Qa4 20.Bxe7 Qxa2 21.Rbe1 a5 22.d6 Bf8
23.Qxf6 Qd2 24.R6e2 Qd5 25.Re5 Bxe7 26.dxe7 Qf7 27.Qxb6 a4 28.Qc6 Rab8 29.Qxa4 Rxe7
30.Rxe7 Qxe7 31.Qc4+ Qf7 32.Qxf7+ Kxf7 33.g3 Rc8 34.Re3 Kf6 35.Kf1 Rc7 36.Ke2 Rd7
37.Re4 Kf5 38.f3 Ra7 39.Kd3 Ra2 40.h4 Rg2 41.g4+ Kf6 42.c4 Rh2 43.c5 Rh1
44.c6 Rc1 45.Rc4 Rd1+ 46.Ke4 Rd8 47.c7 Rc8 48.Kd5  1-0

[Event "TCh-SRB 1st League 2013"]
[Site "Kragujevac SRB"]
[Date "2013.08.25"]
[Round "2.6"]
[White "Markovic,Miros1"]
[Black "Djukic,Ni"]
[Result "1-0"]
[WhiteElo "2493"]
[BlackElo "2551"]

1.e4 c5 2.c3 Nf6 3.d3 Nc6 4.Nf3 d6 5.g3 g6 6.Bg2 Bg7 7.O-O O-O 8.a3 c4 9.dxc4 Nxe4
10.Nd4 Nxd4 11.cxd4 Nf6 12.Nc3 Be6 13.b3 Qd7 14.Re1 Rfe8 15.Bb2 Rad8 16.a4 b6
17.d5 Bh3 18.a5 Bxg2 19.Kxg2 e6 20.axb6 axb6 21.dxe6 Rxe6 22.Rxe6 Qxe6 23.Nb5 h5
24.Qf3 h4 25.Bxf6 Bxf6 26.Rd1 Rd7 27.Rd3 Kg7 28.Re3 Be5 29.Qe4 Qf6 30.f4 Bb2
31.Re2 hxg3 32.hxg3 Rd8 33.Nc7 Kg8 34.Nd5 Qd4 35.Qxd4 Bxd4 36.Ne7+ Kf8 37.Nc6 Bf6
38.Nxd8 Bxd8 39.Kf3  1-0

[Event "20th Graz Open 2013"]
[Site "Graz AUT"]
[Date "2013.08.27"]
[Round "4.7"]
[White "Krcmar,Aleksander"]
[Black "Leisenberger,Harald"]
[Result "1/2-1/2"]
[WhiteElo "1646"]
[BlackElo "2092"]

1.e4 c5 2.c3 Nf6 3.e5 Nd5 4.Bc4 Nb6 5.Bb3 Nc6 6.Nf3 d5 7.d4 cxd4 8.cxd4 Bg4
9.Be3 e6 10.O-O Be7 11.Nbd2 O-O 12.Re1 Qd7 13.Nf1 Rfc8 14.Ng3 Rc7 15.h3 Bxf3
16.Qxf3 Nb4 17.Nh5 Qd8 18.Rac1 Rxc1 19.Rxc1 Rc8 20.Rxc8 Qxc8 21.Qg3 g6 22.Bh6 Nd7
23.Ba4 Nc6 24.Bg5 Nxd4 25.Bxd7 Ne2+ 26.Kh2 Nxg3 27.Bxc8 Nf1+ 28.Kg1 Bxg5
29.Kxf1 gxh5 30.g3 Bc1 31.b3 h4 32.Kg2 hxg3 33.Kxg3 b6 34.Ba6 f6 35.f4 Kf7
36.Bd3 h6 37.h4 Bb2 38.exf6 Kxf6 39.h5 e5 40.fxe5+ Kxe5 41.Kf3 Kd4 42.Bg6 Kc3
43.Ke2 Ba3 44.Bf7 d4 45.Bc4 a5 46.Bb5 Kb2 47.Kd3 Kxa2 48.Kxd4 Kxb3 49.Bc4+ Kb4
50.Kd3 Bb2 51.Bf7 Bf6 52.Be8 b5 53.Kc2 a4 54.Bd7 Ka5 55.Be8 b4 56.Bf7 Kb6
57.Be6 Kc5 58.Bf7 Be5 59.Bg8 Kd4 60.Be6 Ke3 61.Bf7 Kf4 62.Kd3 Kg5 63.Kc4 Bc3
64.Be8 Be1 65.Bxa4 Kxh5 66.Kd3 Kg4 67.Ke2 Bc3 68.Kf2 Kh3 69.Kg1 Bd4+ 70.Kh1 h5
71.Bb3 h4 72.Bc4 Kg3 73.Bb3 Kf4 74.Bc4 Be3  1/2-1/2

[Event "88th ch-ARG Superior 2013"]
[Site "Resistance/Saenz Pena ARG"]
[Date "2013.08.27"]
[Round "3.1"]
[White "Pierrot,Fac"]
[Black "Felgaer,R"]
[Result "0-1"]
[WhiteElo "2419"]
[BlackElo "2586"]

1.e4 c5 2.c3 Nf6 3.e5 Nd5 4.Nf3 Nc6 5.d4 cxd4 6.cxd4 d6 7.Bc4 Nb6 8.Bb5 d5
9.O-O Bf5 10.Nc3 e6 11.Bg5 Be7 12.Bxe7 Qxe7 13.Na4 Nxa4 14.Qxa4 O-O 15.Bxc6 bxc6
16.Rfc1 Rab8 17.b3 Be4 18.Qxc6 Bxf3 19.gxf3 Qg5+ 20.Kh1 Qh4 21.Qc3 Qxf2 22.Rc2 Qh4
23.Qe3 Qh3 24.Rg1 g6 25.Rgc1 Qf5 26.Rc7 a5 27.a3 Rb6 28.Kg2 Kg7 29.Ra7 Rxb3
30.Qxb3 Qg5+ 31.Kf2 Qd2+ 32.Kg3 Qxc1 33.Qb6 Qg5+ 34.Kh3 Qf5+ 35.Kg3 Qg5+
36.Kh3 Qf5+ 37.Kg3 Rc8 38.Rc7 Qg5+ 39.Kh3 Qd8  0-1

[Event "24th Porto San Giorgio Open"]
[Site "Porto San Giorgio ITA"]
[Date "2013.08.28"]
[Round "8.11"]
[White "Ramirez Garcia,J"]
[Black "Valenti,G"]
[Result "1-0"]
[WhiteElo "2303"]
[BlackElo "2185"]

1.e4 c5 2.c3 Nf6 3.e5 Nd5 4.d4 cxd4 5.cxd4 e6 6.Nc3 Nxc3 7.bxc3 Qc7 8.Bd2 d6
9.f4 Nd7 10.Bd3 g6 11.Nf3 Bg7 12.O-O b6 13.Qe2 Bb7 14.a4 a6 15.h4 O-O 16.h5 Rfe8
17.Ng5 Nf8 18.Ne4 Bxe4 19.Bxe4 Ra7 20.Bd3 a5 21.g4 g5 22.Bb5 Re7 23.f5 exf5
24.gxf5 f6 25.Qc4+ Qxc4 26.Bxc4+ Kh8 27.e6 h6 28.Bd5 Nh7 29.Rab1 Bf8 30.Rxb6 Rg7
31.Re1 Rgc7 32.Reb1  1-0

[Event "TCh-SRB 1st League 2013"]
[Site "Kragujevac SRB"]
[Date "2013.08.29"]
[Round "6.2"]
[White "Bojkovic,S"]
[Black "Ristic,Nen"]
[Result "1-0"]
[WhiteElo "2263"]
[BlackElo "2437"]

1.e4 c5 2.c3 Nf6 3.e5 Nd5 4.Nf3 e6 5.d4 cxd4 6.Qxd4 Nc6 7.Qe4 f5 8.Qe2 Qc7
9.g3 b6 10.Bg2 Ncb4 11.c4 b5 12.a3 Na6 13.Nfd2 bxc4 14.Nxc4 Nc5 15.Nbd2 Ba6
16.O-O Nb3 17.Nxb3 Qxc4 18.Qd1 Rb8 19.Nd4 Bc5 20.Nxf5 exf5 21.Bxd5 Qxf1+
22.Qxf1 Bxf1 23.Kxf1 Bd4 24.Rb1 Rb5 25.Bc4 Rc5 26.b3 Bxe5 27.Be3 Rc7 28.Re1 Kd8
29.Bxa7 Bc3 30.Bb6 Bxe1 31.Kxe1 Kc8 32.Bxc7 Kxc7 33.a4 Kd6 34.a5 Kc5 35.Kd2 Kb4
36.a6 d5 37.Bf1 Ra8 38.Kc2 g6 39.h4 Ra7 40.Be2 Re7 41.Kd3 Kc5 42.Kd2 Re8
43.Bd3 Kb4 44.Bf1 Kxb3 45.Kd3 Re1 46.Bg2 Rd1+ 47.Ke2 Kc2 48.a7 Ra1 49.Bxd5 Rxa7
50.Ke3 Kc3 51.f3 Rd7 52.Ba2 Ra7 53.Bd5 Rd7 54.Ba2 Ra7 55.Bd5 Ra5 56.Bg8 h6
57.Kf4 Kd4 58.Bf7 Ra6 59.Bb3 Ra7 60.Bg8 Kc5 61.h5 gxh5 62.Bb3 Kd4 63.Be6 Rg7
64.Bc8 Kd5 65.Bxf5 Rf7 66.g4 h4 67.Ke3 Re7+ 68.Be4+ Ke5 69.Kf2 Kf4 70.Kg2 Ra7
71.Kh3 Ra1 72.Bc6 Rc1 73.Bb7 Rh1+ 74.Kg2 Ra1 75.Kh3 Kg5 76.Be4 Rg1 77.Kh2 Rg3
78.Bc6 Kf4 79.Be4 Ke3 80.Bc6 Kf2 81.Bd5 Rg2+ 82.Kh3 Rg1 83.Kh2 Rg3 84.Be4 Ke3
85.Bc6 Kf4 86.Be4 Kg5 87.Bd5 h5 88.gxh5 Kxh5 89.Be4 Rg7 90.Bd5 Kg5 91.Be4 Kf4
92.Bd5 Rd7 93.Bc6 Rd1 94.Be4 Rd2+ 95.Kh3 Rb2 96.Bd5 Rb1 97.Kh2 Rb5 98.Bc6 Rg5
99.Be4 Rg3 100.Bc6 Ke3 101.Be4 Kf2 102.Bc6 h3 103.Bd5 Rg5 104.Be4 Rh5 105.Bc6 Rh6
106.Bd5 Ke3 107.Be4 Kf4 108.Bb7 Rh7 109.Bd5 Rh8 110.Bc6 Kg5 111.Bd7 Rf8 112.Kxh3 Rxf3+
113.Kg2 Kf4 114.Bc6 Rc3 115.Ba4 Ra3 116.Bb5 Ra2+ 117.Kh3 Ra3+ 118.Kh4 Rb3
119.Bc4 Rc3 120.Bd5 Rc5 121.Bb3 Rc3 122.Bd5 Rd3 123.Bc4 Rd4 124.Bb3 Rb4 125.Bd5 Ke5+  1-0

[Event "TCh-SRB 1st League w 2013"]
[Site "Kragujevac SRB"]
[Date "2013.08.30"]
[Round "7.4"]
[White "Zivic,R"]
[Black "Vuckovic,J"]
[Result "1/2-1/2"]
[WhiteElo "2029"]
[BlackElo "1868"]

1.e4 c5 2.c3 Nf6 3.e5 Nd5 4.Nf3 e6 5.g3 d6 6.d4 cxd4 7.cxd4 Nc6 8.Bg2 Be7
9.O-O O-O 10.Re1 Qc7 11.a3 b6 12.Qd3 dxe5 13.dxe5 Bb7 14.Nc3 Nxc3 15.Qxc3 Rac8
16.b4 Rfd8 17.Bf4 Nd4 18.Qxc7 Nxf3+ 19.Bxf3 Rxc7 20.Bxb7 Rxb7 21.Rac1 a5
22.bxa5 bxa5 23.Rc3 h6 24.Kg2 Rd5 25.Re4 Rdb5 26.Ra4 Kh7 27.g4 Rb3 28.Rxb3 Rxb3
29.Rxa5 Rxa3 30.Rxa3 Bxa3 31.h4  1/2-1/2

[Event "21st Honor to National Resistance"]
[Site "Nikaia GRE"]
[Date "2013.08.30"]
[Round "5.11"]
[White "Kostouros,A"]
[Black "Alexiadis,Hristos"]
[Result "0-1"]
[WhiteElo "2087"]
[BlackElo "1983"]

1.e4 c5 2.c3 Nf6 3.e5 Nd5 4.d4 cxd4 5.cxd4 d6 6.Nf3 Nc6 7.Bd2 e6 8.Nc3 dxe5
9.dxe5 Bb4 10.Nxd5 Qxd5 11.Bxb4 Qe4+ 12.Be2 Qxb4+ 13.Qd2 Qxd2+ 14.Kxd2 Bd7
15.Rac1 h6 16.Rhd1 O-O 17.a3 Rfd8 18.g3 Kf8 19.Rc3 Rac8 20.h4 Ne7 21.Rxc8 Rxc8
22.Rc1 Rd8 23.Ke1 Bc6 24.Rd1 Rxd1+ 25.Bxd1 Ng6 26.h5 Bxf3 27.Bxf3 Nxe5 28.Bxb7 Nc4
29.Ba6 Nxb2 30.Bb5 Ke7 31.Kd2 Kd6 32.Kc2 Kc5 33.Be8 Nc4 34.Bxf7 Nxa3+ 35.Kd3 Kd6
36.Be8 a6 37.Kc3 Kc5 38.f4 Nb5+ 39.Kd3 Nd6 40.Bd7 Kd5 41.Ba4 Nf5 42.Bb3+ Kd6
43.g4 Ne7 44.g5 Nd5 45.Ke4 a5 46.f5 a4 47.Bc4 exf5+ 48.Kxf5 Ne3+ 49.Kg6 Nxc4
50.Kxg7 a3 51.gxh6 a2 52.h7 a1=Q+ 53.Kg8 Qg1+ 54.Kf8 Qf2+ 55.Kg7 Qg3+ 56.Kf8 Qf4+
57.Kg7 Qg5+ 58.Kf8 Qe7+ 59.Kg8 Ne5 60.h8=N Ke6  0-1

[Event "XXX Collado Villalba Open 2013"]
[Site "Collado Villalba ESP"]
[Date "2013.08.31"]
[Round "9.9"]
[White "Dierssen Garcia-Barredo,Guiller"]
[Black "Cao Armillas,J"]
[Result "1/2-1/2"]
[WhiteElo "1921"]
[BlackElo "2186"]

1.e4 c5 2.c3 Nf6 3.e5 Nd5 4.d4 cxd4 5.Nf3 d6 6.exd6 e6 7.cxd4 Bxd6 8.Bd3 Nc6
9.O-O O-O 10.Nc3 Ncb4 11.Bb1 Nxc3 12.bxc3 Nd5 13.Qd3 g6 14.Bh6 Re8 15.c4 Bf4
16.Bxf4 Nxf4 17.Qe3 Qf6 18.Re1 Bd7 19.Ne5 Bc6 20.Nxc6 bxc6 21.g3 Nh5 22.Be4 Rac8
23.Bg2 Ng7 24.Rad1 Nf5 25.Qf3 Qg7 26.d5 cxd5 27.cxd5 exd5 28.Qxd5 Qc3 29.Re4 Ng7
30.Qd7 Ne6 31.Qxa7 Ra8 32.Qe3  1/2-1/2

[Event "TCh-ROU w 2013"]
[Site "Mamaia ROU"]
[Date "2013.08.31"]
[Round "1.1"]
[White "Adam,A2"]
[Black "Florea,Do"]
[Result "1-0"]
[WhiteElo "1921"]
[BlackElo "1863"]

1.e4 c5 2.c3 Nf6 3.e5 Nd5 4.d4 cxd4 5.Qxd4 e6 6.Nf3 Nc6 7.Qe4 d6 8.Bb5 Bd7
9.c4 Nc7 10.Bg5 Qc8 11.exd6 Bxd6 12.Nc3 O-O 13.Ba4 f6 14.Bc2 g6 15.Bh6 Rf7
16.h4 f5 17.Qe2 Bf8 18.h5 e5 19.hxg6 hxg6 20.O-O-O e4 21.Ng5 Rh7 22.c5 Bxh6
23.Rxh6 Rg7 24.Bb3+ Be6 25.Bxe6+ Nxe6 26.Qc4 Nd8 27.Rxd8+ Qxd8 28.Qxe6+  1-0

[Event "TCh-ROU w 2013"]
[Site "Mamaia ROU"]
[Date "2013.08.31"]
[Round "1.4"]
[White "Serbanescu,D"]
[Black "Visanescu,D"]
[Result "0-1"]
[WhiteElo "1941"]
[BlackElo "2076"]

1.e4 c5 2.c3 Nf6 3.e5 Nd5 4.d4 cxd4 5.Nf3 Nc6 6.cxd4 d6 7.Bc4 Nb6 8.Bb3 dxe5
9.d5 Na5 10.Nc3 Nxb3 11.Qxb3 e6 12.Nxe5 exd5 13.Be3 Bd6 14.Qb5+ Bd7 15.Nxd7 Qxd7
16.Bxb6 axb6 17.Qxd7+ Kxd7 18.O-O-O Ra5 19.Rxd5 Kc6 20.Rd3 Re8 21.g3 Bb4
22.a3 Bxc3 23.Rxc3+ Rc5 24.Kd2 Rxc3 25.Kxc3 Re2 26.Rf1 Kb5 27.Kb3 Rd2 28.Kc3 Re2
29.Kb3 Ka5 30.Kc3 Ka4 31.b3+ Kxa3 32.h3 Ka2 33.b4 b5 34.Rd1 Rxf2 35.Rd7 Rf3+
36.Kd4 b6 37.Rd5 Rxg3 38.Rxb5 Rg6 39.Rf5 Kb3 40.b5 Kb4 41.Rxf7 Kxb5 42.Kc3 Rg3+
43.Kb2 Rxh3 44.Rxg7 h5 45.Rh7 Kb4  0-1

[Event "12th Kesarovski Mem"]
[Site "Sunny Beach BUL"]
[Date "2013.08.31"]
[Round "1.6"]
[White "Atanasov,R"]
[Black "Rombaldoni,Ax"]
[Result "0-1"]
[WhiteElo "2160"]
[BlackElo "2494"]

1.e4 c5 2.c3 Nf6 3.e5 Nd5 4.d4 cxd4 5.Nf3 Nc6 6.cxd4 d6 7.Bc4 Nb6 8.Bb5 d5
9.O-O a6 10.Be2 Bg4 11.h3 Bxf3 12.Bxf3 e6 13.Nc3 Be7 14.g3 Rc8 15.Kg2 O-O
16.Bg4 Nc4 17.Ne2 Qb6 18.b3 Na3 19.h4 Rc7 20.Bg5 Bb4 21.Qd3 Rfc8 22.Rad1 Na7
23.f4 Rc3 24.Nxc3 Rxc3 25.f5 Rxd3 26.Rxd3 h6 27.Bc1 Nc2 28.Kh3 Nb5 29.fxe6 fxe6
30.Rdf3 Nbxd4 31.Rf7 Nf5 32.Bxf5 exf5 33.R7xf5 Nd4 34.Rh5 Qe6+ 35.g4 Qg6  0-1

[Event "TCh-ROU w 2013"]
[Site "Mamaia ROU"]
[Date "2013.09.02"]
[Round "3.4"]
[White "Serbanescu,D"]
[Black "Padurariu,I"]
[Result "1-0"]
[WhiteElo "1941"]
[BlackElo "2205"]

1.e4 c5 2.c3 Nf6 3.e5 Nd5 4.d4 cxd4 5.Nf3 e6 6.cxd4 d6 7.Bc4 Nc6 8.O-O Be7
9.Qe2 O-O 10.Nc3 Nxc3 11.bxc3 dxe5 12.dxe5 Qc7 13.Bd3 Bd7 14.Qe4 g6 15.Bh6 Rfd8
16.Rfe1 Be8 17.Rad1 Rd5 18.c4 Ra5 19.Bb1 Rc8 20.Rc1 Rd8 21.h4 Nb4 22.h5 Bc6
23.Qe2 Bxf3 24.gxf3 Nc6 25.hxg6 fxg6 26.f4 Ra3 27.Qg4 Kf7 28.f5 exf5 29.Bxf5 Nxe5
30.Bf4 Nxg4 31.Be6+ Kf8 32.Bxc7 Rd4 33.c5 Rf3 34.Rc2 Nf6 35.Be5 Re4 36.c6 bxc6
37.Rxc6  1-0

[Event "21st Honor to National Resistance"]
[Site "Nikaia GRE"]
[Date "2013.09.02"]
[Round "9.6"]
[White "Panagiotopoulos,V"]
[Black "Tsolakidou,Stavroula"]
[Result "0-1"]
[WhiteElo "2066"]
[BlackElo "2073"]

1.e4 c5 2.c3 Nf6 3.e5 Nd5 4.d4 cxd4 5.Nf3 e6 6.cxd4 d6 7.a3 Nd7 8.b4 Qc7
9.Bb2 a5 10.exd6 Bxd6 11.b5 N7f6 12.Nbd2 Bd7 13.Rc1 Qb8 14.Ne5 O-O 15.Qf3 Qe8
16.Ndc4 Be7 17.Nxd7 Qxd7 18.Ne5 Qd8 19.Bd3 a4 20.O-O Qb6 21.Rc2 Nc7 22.Ba1 Nxb5
23.Rb1 Nxd4 24.Rxb6 Nxf3+ 25.Nxf3 Rfd8 26.Bf1 Bxa3 27.Bxf6 gxf6 28.Rxb7 Bd6
29.g3 a3 30.Ra2 Rac8 31.Nd2 Rc1 32.Kg2 Rdc8 33.Ne4 Bf8 34.Nxf6+ Kg7 35.Nd7 Bd6
36.Nb6 R8c2 37.Rxc2 Rxc2 38.Nc4 a2 39.Ra7 Rxf2+ 40.Kh3 Bc5 41.Ra5 Bd4 42.Nb2 Rxf1  0-1

[Event "6th Sabadell Open"]
[Site "Sabadell ESP"]
[Date "2013.09.02"]
[Round "1.3"]
[White "Sayrol Clols,J"]
[Black "Gonzalez Perez,A"]
[Result "0-1"]
[WhiteElo "2111"]
[BlackElo "2466"]

1.e4 c5 2.c3 Nf6 3.e5 Nd5 4.d4 cxd4 5.Bc4 e6 6.Nf3 Nc6 7.O-O Be7 8.Bxd5 exd5
9.Nxd4 d6 10.Nxc6 bxc6 11.Bf4 dxe5 12.Bxe5 O-O 13.Nd2 Be6 14.Nf3 c5 15.Qd2 Qb6
16.Rfe1 Rfe8 17.Ng5 Bf5 18.Rad1 Qg6 19.Bf4 Rad8 20.Re2 h6 21.Nf3 Be4 22.Ne1 d4
23.cxd4 cxd4 24.f3 Bb7 25.Qa5 Bh4 26.g3 Rxe2 27.Qb5 Ree8 28.Qa5  0-1

[Event "TCh-SRB 1st League 2013"]
[Site "Kragujevac SRB"]
[Date "2013.09.03"]
[Round "11.5"]
[White "Markovic,Miros1"]
[Black "Marjanovic,Slavo"]
[Result "1/2-1/2"]
[WhiteElo "2493"]
[BlackElo "2464"]

1.e4 c5 2.c3 Nf6 3.e5 Nd5 4.Nf3 Nc6 5.d4 cxd4 6.Bc4 Nb6 7.Bb3 d5 8.exd6 Qxd6
9.Na3 a6 10.O-O e6 11.Nxd4 Be7 12.Qd3  1/2-1/2

[Event "TCh-ROU 2013"]
[Site "Mamaia ROU"]
[Date "2013.09.03"]
[Round "4.3"]
[White "Vajda,Le"]
[Black "Fedorov,Alex"]
[Result "1/2-1/2"]
[WhiteElo "2613"]
[BlackElo "2567"]

1.e4 c5 2.c3 Nf6 3.e5 Nd5 4.d4 cxd4 5.Nf3 e6 6.cxd4 d6 7.Bc4 Be7 8.O-O O-O
9.Qe2 b6 10.Nbd2 Bb7 11.Ne4 dxe5 12.dxe5 Nd7 13.Bd2 Rc8 14.Rac1 Nc5 15.Ng3 Rc7
16.Rfd1 Qc8 17.Nd4 a6 18.Qg4 g6 19.Nf3 Rd8 20.Be2 Bf8 21.h4 Bg7 22.Bg5 Re8
23.h5 Nd7 24.hxg6 hxg6 25.Ne4 Rxc1 26.Rxc1 Qb8 27.Qh4 Nxe5 28.Bd2 Nd7 29.Bc4 Rc8
30.Neg5 Nf8 31.Re1 Qd6 32.Bb3 a5 33.Ne4 Qe7 34.Bg5 f6 35.Bd2 Rd8 36.Bc3 Nxc3
37.Nxc3 Bxf3 38.gxf3 Rd2 39.Nd5 Qc5 40.Nf4 g5 41.Nxe6 gxh4 42.Nxc5+ Kh7 43.Nd3 f5
44.Rd1 Re2 45.Kf1 Re7 46.Nf4 Bxb2  1/2-1/2

[Event "Satka Autumn 2013"]
[Site "Satka RUS"]
[Date "2013.09.04"]
[Round "2"]
[White "Kiseleva,Olga"]
[Black "Lysenko,Mar"]
[Result "1/2-1/2"]
[WhiteElo "1752"]
[BlackElo "2048"]

1.e4 c5 2.c3 Nf6 3.e5 Nd5 4.d4 cxd4 5.Nf3 Nc6 6.a3 d6 7.cxd4 g6 8.Bc4 Nb6
9.Bb3 Bg7 10.Bf4 dxe5 11.Nxe5 Nxe5 12.Bxe5 f6 13.Bg3 e6 14.O-O O-O 15.Re1 Nd5
16.Nc3 Nxc3 17.bxc3 Re8 18.Ra2 Bd7 19.Rae2 Qb6 20.c4 Kh8 21.c5 Qa6 22.a4 Bf8
23.Qc2 Rad8 24.Bc7 Rc8 25.Bf4 Rcd8 26.Bc7 Rc8 27.Bf4 Rcd8 28.Bc7 Rc8 29.Bf4  1/2-1/2

[Event "TCh-ROU 2013"]
[Site "Mamaia ROU"]
[Date "2013.09.05"]
[Round "6.3"]
[White "Vajda,Le"]
[Black "Filip,L"]
[Result "1-0"]
[WhiteElo "2613"]
[BlackElo "2453"]

1.e4 c5 2.c3 Nf6 3.e5 Nd5 4.d4 cxd4 5.Nf3 e6 6.cxd4 d6 7.Bc4 Nc6 8.O-O Be7
9.Qe2 O-O 10.Nc3 Nxc3 11.bxc3 dxe5 12.dxe5 Qc7 13.h4 b6 14.h5 Bb7 15.Bd3 Rfd8
16.Be4 Na5 17.Bxb7 Nxb7 18.h6 Qxc3 19.Qe4 Rd5 20.Qg4 g6 21.Bg5 Qc7 22.Rad1 Rad8
23.Rxd5 Rxd5 24.Qa4 Nc5 25.Qe8+ Bf8 26.Rc1 Qd7 27.Qxd7 Rxd7 28.Nh2 Nd3 29.Rc8 Nxe5
30.Bf6 Rd1+ 31.Nf1 Nd7 32.Bg7 e5 33.Rd8 Rd4 34.Ne3 f5 35.Nc2 Rd1+ 36.Kh2 Rd5
37.Nb4 Rd4 38.Nc6 Rh4+ 39.Kg1 Kf7 40.Rxd7+ Ke6 41.Rxa7 Bd6 42.Nd8+ Kd5 43.Rd7  1-0

[Event "17th Cesenatico Open"]
[Site "Cesenatico ITA"]
[Date "2013.09.06"]
[Round "7.10"]
[White "Drei,A"]
[Black "Vincenzi,M"]
[Result "1-0"]
[WhiteElo "2257"]
[BlackElo "2093"]

1.e4 c5 2.c3 Nf6 3.e5 Nd5 4.Nf3 Nc6 5.Bc4 Nb6 6.Bb3 c4 7.Bc2 Qc7 8.Qe2 g5
9.e6 dxe6 10.Nxg5 Qe5 11.Ne4 h5 12.d4 cxd3 13.Bxd3 Bh6 14.Nbd2 Bxd2+ 15.Bxd2 Nd5
16.g3 b6 17.O-O-O Bb7 18.Kb1 h4 19.f4 Qc7 20.Ng5 Rf8 21.Rhe1 Bc8 22.c4 Nf6
23.Bc3 Bd7 24.Bxf6 exf6 25.Nh7 Ke7 26.Nxf8 Rxf8 27.Be4 Rg8 28.Qf3 Nb4 29.a3 Na6
30.gxh4 Qxc4 31.Rc1 Qa4 32.Bc2 Qa5 33.h5 Rh8 34.Red1 Rxh5 35.b4 Nxb4 36.axb4 Qxb4+
37.Qb3 Qa5 38.f5 Rh4 39.Qd3 Rb4+ 40.Bb3 Qxf5 41.Qxf5 exf5 42.Ka2 Be8 43.Rc7+ Kf8
44.Rxa7 Re4 45.Rd8 Kg7 46.Raa8 Bc6 47.Rac8 Re2+ 48.Ka3 Be4 49.Rh8  1-0

[Event "12th Kesarovski Mem"]
[Site "Sunny Beach BUL"]
[Date "2013.09.06"]
[Round "7.7"]
[White "Feuerstack,A"]
[Black "Nikolov,Mo"]
[Result "0-1"]
[WhiteElo "2429"]
[BlackElo "2534"]

1.e4 c5 2.c3 Nf6 3.e5 Nd5 4.Nf3 e6 5.Bc4 d6 6.d4 cxd4 7.cxd4 Nb6 8.Bd3 Nc6
9.a3 dxe5 10.dxe5 Nd7 11.Bb5 a6 12.Bxc6 bxc6 13.O-O c5 14.Qa4 Bb7 15.Nc3 Qc7
16.Re1 Bxf3 17.gxf3 Be7 18.Qf4 O-O 19.Qg3 Kh8 20.Bf4 Rab8 21.Nd5 Qd8 22.Nxe7 Qxe7
23.Re2 Rb3 24.Rd1 Nb6 25.Bg5 f6 26.Bf4 Nd5 27.exf6 Qxf6 28.Be5 Qf7 29.Bd6 Rxf3
30.Qe5 Nf4 31.Kh1 Re8 32.Re3 Rxf2 33.Bxc5 Qb7+ 34.Qe4 Qxb2 35.Rg3 Rxh2+ 36.Kg1 Nh3+
37.Rxh3 Rxh3 38.Bd4 Qh2+  0-1

[Event "TCh-ROU 2013"]
[Site "Mamaia ROU"]
[Date "2013.09.07"]
[Round "8.6"]
[White "Stanciu,Al"]
[Black "Toma,Ra"]
[Result "1/2-1/2"]
[WhiteElo "2355"]
[BlackElo "2222"]

1.e4 c5 2.c3 Nf6 3.e5 Nd5 4.d4 cxd4 5.Nf3 Nc6 6.cxd4 e6 7.Bc4 d6 8.O-O Be7
9.Qe2 O-O 10.Nc3 Nxc3 11.bxc3 dxe5 12.dxe5 Qa5 13.Bd2 Rd8 14.Rfe1 Bd7 15.Bb3 Be8
16.Qe4 Rd7 17.Rac1 Qb5 18.Bc2 g6 19.Bg5 Bxg5 20.Nxg5 Qxe5 21.Qxe5 Nxe5 22.Rxe5 f6
23.Nxh7 fxe5 24.Nf6+ Kf7 25.Nxd7 Bxd7 26.Be4 Bc6 27.Bxc6 bxc6 28.Rb1 Rd8
29.Kf1 Rd3 30.Rb3 c5 31.Ke2 c4 32.Ra3 Kf6 33.Rxa7 Rxc3 34.Kd2 Rd3+ 35.Kc2 e4
36.Rc7 e3 37.fxe3 Rxe3 38.Rxc4 Re2+ 39.Kb3 Rxg2 40.Rc2 Rg1 41.a4 g5 42.a5 g4
43.a6 g3 44.a7 Ra1 45.Ra2 Rxa2 46.Kxa2 g2 47.a8=Q  1/2-1/2

[Event "Satka Autumn 2013"]
[Site "Satka RUS"]
[Date "2013.09.07"]
[Round "5"]
[White "Mukhina,Jana"]
[Black "Bauyrzhan,Arnash"]
[Result "1-0"]
[WhiteElo "1870"]
[BlackElo "1904"]

1.e4 c5 2.c3 Nf6 3.e5 Nd5 4.g3 d6 5.exd6 Qxd6 6.Bg2 e5 7.d4 cxd4 8.cxd4 exd4
9.Qxd4 Qb4+ 10.Qd2 Be6 11.a3 Qxd2+ 12.Bxd2 Nc6 13.Nc3 O-O-O 14.Nge2 Be7 15.Rc1 Kb8
16.Nf4 Nc7 17.Bxc6 bxc6 18.Nxe6 Nxe6 19.Be3 Bc5 20.Nd1 Rhe8 21.O-O Bxe3 22.fxe3 f6
23.Rxc6 Ng5 24.Rc2 Rd3 25.e4 Nf3+ 26.Kg2 Nd4 27.Nf2 Nxc2 28.Nxd3 Ne3+ 29.Kf2 Nxf1
30.Kxf1 Rxe4 31.Kf2 Kc7 32.Kf3 Re8 33.h4 Kc6 34.Nf4 Kc5 35.b3 Kd4 36.b4 Re3+
37.Kg4 g6  1-0